1621 1832 1099 1878 1098 1467 1303 1640 1388 1748 1037 1885 1070 1797 1858 1694 1937 1420 1089 1994 1380 1720 1342 1887 1061 1014 1188 1311 1739 1108 1814 1076 1326 1787 1794 1604 1242 1857 1683 1314 1378 1843 1228 1825 1262 1565 1735 1827 1136 1478 1394 1103 1405 1219 1704 1832 1863 1649 1830 1058 1407 1167 1264 1204 1608 1331 1763 1637 1394 1256 1391 1179 1763 1345 1301 1684 1027 1850 1846 1692 1736 1455 1457 1667 1950 1949 1009 1594 1957 1365 1343 1967 1901 1661 1870 1200 1376 1103 1748 BCNSPRNW ULIB Ver.6.0+V

เปลี่ยนเป็นภาษาไทย

Change to English
 แสดงรายละเอียดบรรณานุกรม
  กลับหน้าหลัก

Brief Record : Get Marc (ISO 2709) : E-mail record : QR code < ปิดหน้าต่าง
LEADER : 00000nam 2200000uu 4500
001    13399123653
003     ULIB
008    141103s2556||||th 000 0 tha d
020    ^a9786163353061
060  4 ^aWC505^bป418ร
100    ^aประเสริฐ ทองเจริญ
245    ^aระบาดบันลือโลก 21 : โคโรน่าไวรัส /^cประเสริฐ ทองเจริญ
246 0  World-Sharking Outbreak
250    ^aพิมพ์ครั้งที่ 1
260    ^aกรุงเทพฯ :^bอักษรสมัย(๑๙๙๙),^c2556
300    ^a174หน้า;^b18.5 ซม.
650    ^aโคโรน่าไวรัส
650    ^aโรคซาร์ส
945    ^p160^l0^i036512
945    ^p160^l0^i036513
945    ^p160^l0^i036514
945    ^p160^l0^i036515
945    ^p160^l0^i036516
999    ^aเกษร โพธิ์สุวรรณ
รายการนี้ยังไม่มีแท็ก
คุณยังไม่ได้ล็อกอิน คุณสามารถมีกิจกรรมร่วมกับเว็บไซต์ได้ แต่ต้องล็อกอินก่อน ::
  ล็อกอิน

รายการสื่อสารสนเทศ

ลำดับที่ ประเภท เลขเรียก/บาร์โค้ด สถานที่ สถานะ
1. วิทยาศาสตร์การแพทย์ และสุขภาพ
หนังสือสำรอง
สถานะ=หนังสือสำรอง
WC505 ป418ร ฉ.1 
  Barcode: 036512
ห้องสมุดวิทยาเขตสวรรค์ประชารักษ์
►ส่วนจัดเก็บหนังสือเก่า สปร
บนชั้น
  ขอยืม
2. วิทยาศาสตร์การแพทย์ และสุขภาพ
วิทยาศาสตร์การแพทย์ และสุขภาพ
WC505 ป418ร ฉ.2 
  Barcode: 036513
ห้องสมุดวิทยาเขตสวรรค์ประชารักษ์
►ส่วนจัดเก็บหนังสือเก่า สปร
บนชั้น
  ขอยืม
3. วิทยาศาสตร์การแพทย์ และสุขภาพ
วิทยาศาสตร์การแพทย์ และสุขภาพ
WC505 ป418ร ฉ.3 
  Barcode: 036514
ห้องสมุดวิทยาเขตสวรรค์ประชารักษ์
►ส่วนจัดเก็บหนังสือเก่า สปร
บนชั้น
  ขอยืม
4. วิทยาศาสตร์การแพทย์ และสุขภาพ
วิทยาศาสตร์การแพทย์ และสุขภาพ
WC505 ป418ร ฉ.4 
  Barcode: 036515
ห้องสมุดวิทยาเขตสวรรค์ประชารักษ์
►ส่วนจัดเก็บหนังสือเก่า สปร
บนชั้น
  ขอยืม
5. วิทยาศาสตร์การแพทย์ และสุขภาพ
วิทยาศาสตร์การแพทย์ และสุขภาพ
WC505 ป418ร ฉ.5 
  Barcode: 036516
ห้องสมุดวิทยาเขตสวรรค์ประชารักษ์
►ส่วนจัดเก็บหนังสือเก่า สปร
บนชั้น
  ขอยืม

รายการใกล้เคียง
    ผู้แต่ง [ประเสริฐ ทองเจริญ]

    หัวเรื่อง [โคโรน่าไวรัส]
    หัวเรื่อง [โรคซาร์ส]

BibComment


ยังไม่เคยถูกคอมเมนท์

คอมเมนท์ทรัพยากรรายการนี้
  คอมเมนท์: ระบาดบันลือโลก 2..


 Copyright 2026. Bcnsprnw @Library